000 00289nam a2200121 a 4500
001 000002437
005 20200929150208.0
008 090702s2003 000 spa d
020 _a8489384444
245 0 _aCuando los niños dicen ¡basta!
260 _aMadrid,
_c2003.
999 _c2273
_d2273
040 _aDO-SdBNP